Activities of the I.L.O., 1956-57: report of the director- general to the fortieth session of the international labour conference, Eleventh report (Record no. 496176)

000 -LEADER
fixed length control field 00464cam a22001097a 4500
008 - FIXED-LENGTH DATA ELEMENTS--GENERAL INFORMATION
fixed length control field 180718b1957 xxu||||| |||| 00| 0 eng d
082 ## - DEWEY DECIMAL CLASSIFICATION NUMBER
Classification number R096 In8n /1956-57/2
245 ## - TITLE STATEMENT
Title Activities of the I.L.O., 1956-57: report of the director- general to the fortieth session of the international labour conference, Eleventh report
Statement of responsibility, etc. by International Labour Office
260 ## - PUBLICATION, DISTRIBUTION, ETC.
Place of publication, distribution, etc. Geneva
Name of publisher, distributor, etc. International Labour Office
Date of publication, distribution, etc. 1957
300 ## - PHYSICAL DESCRIPTION
Extent 97p.
700 ## - ADDED ENTRY--PERSONAL NAME
Personal name International Labour Office
Holdings
Withdrawn status Lost status Damaged status Not for loan Permanent Location Current Location Date acquired Full call number Barcode Date last seen Price effective from Koha item type
        Indian Institute of Public Administration Indian Institute of Public Administration 2018-08-04 R096 In8n /1956-57/2 GR4181 2018-08-04 2018-08-04 GR
        Indian Institute of Public Administration Indian Institute of Public Administration 2018-08-04 R096 In8n /1956-57/2 GR4176 2018-08-04 2018-08-04 GR
        Indian Institute of Public Administration Indian Institute of Public Administration 2018-08-04 R096 In8n /1956-57/2 GR4114 2018-08-04 2018-08-04 GR
        Indian Institute of Public Administration Indian Institute of Public Administration 2018-08-04 R096 In8n /1956-57/2 GG4309 2018-08-04 2018-08-04 GG

Powered by Koha